Beverly Hills Chihuahua / Walt Disney Pictures presents a Mandeville Films/Smart Entertainment production ; produced by David Hoberman, John Jacobs, Todd Lieberman ; story by Jeff Bushell ; screenplay by Analisa LaBianco and Jeff Bushell ; directed by Raja Gosnell.
Chloe is a pampered Beverly Hills Chihuahua who, while on vacation in Mexico with her owner's niece, Rachel, gets lost. She must rely on her new friends to help her get back home before she is caught by a dognapper who wants to ransom her. In the meantime, Papi, a male Chihuahua who is in love with Chloe goes in pursuit of her. Papi's owner is a handsome young gardener for Rachel's Aunt Viv. He slowly develops a romantic interest in Rachel. Chloe befriends Delgado, a lonely German shepherd, who travels with her and protects her from Diablo, the evil Doberman, who wants to return her and her diamond collar to the dognapper.
Record details
- ISBN: 0788889737
- ISBN: 9780788889738
- ISBN: 078888977X
- ISBN: 9780788889776
- Physical Description: 1 videodisc (91 min.) : sound, color ; 4 3/4 in.
- Publisher: [Burbank, CA] : Walt Disney Studios Home Entertainment, [2009]
- Distributor: Burbank, California : Distribued by Buena Vista Home Entertainment.
Content descriptions
| General Note: | Originally produced as motion picture in 2008. Widescreen 2.40:1 ; full screen 1.33:1. Bonus features: Deleted scenes with introduction by director Raja Gosnell; Blooper scooper; Legend of the Chihuahua: animated short; Feature audio commentary by director Raja Gosnell. |
| Formatted Contents Note: | Legend of the chihuahua. |
| Creation/Production Credits Note: | Director of photography, Phil Meheux ; editor, Sabrina Plisco ; music, Heitor Pereira. |
| Participant or Performer Note: | Voices: Drew Barrymore, Andy Garcia, George Lopez, Cheech Marin, Paul Rodriguez, Edward James Olmos, Luis Guzmán. Piper Perabo, Manolo Cardona, Jamie Lee Curtis. |
| Target Audience Note: | MPAA rating: PG; for some mild thematic elements. |
| System Details Note: | DVD; region 1; NTSC; dual layer; full screen (1.33:1) and widescreen (2.35:1); Dolby Digital 5.1 surround, Dolby digital 2.0. |
| Language Note: | Dialogue in English (Dolby Digital 5.1), dubbed French or dubbed Spanish with optionalFrench or Spanish subtitles; English subtitles for the deaf and hard-of-hearing (SDH). |
Search for related items by subject
| Subject: | Chihuahua (Dog breed) > California > Beverly Hills > Drama. Kidnapping > Mexico > Drama. Dog collars > Drama. California > Beverly Hills. Mexico. |
| Genre: | Videodiscs. Drama. Animal films. Action and adventure films. Feature films. Fiction films. Video recordings for the hearing impaired. |
Search for related items by series
Available copies
- 1 of 1 copy available at scottsboropl.
Holds
- 0 current holds with 1 total copy.
Show Only Available Copies
| Location | Call Number / Copy Notes | Barcode | Shelving Location | Status | Due Date |
|---|---|---|---|---|---|
| scottsboropl | J DVD Bev | 32269001231359 | Juvenile - DVD | Available | - |
| LDR | 07952cgm a22015257a 4500 | ||
|---|---|---|---|
| 001 | 159772 | ||
| 003 | SBPL | ||
| 005 | 20230110170511.0 | ||
| 008 | 141231s2009 cau091 j vleng | ||
| 007 | vd cvaizq | ||
| 010 | . | ‡a 2014611484 | |
| 020 | . | ‡a0788889737 | |
| 020 | . | ‡a9780788889738 | |
| 020 | . | ‡a078888977X | |
| 020 | . | ‡a9780788889776 | |
| 024 | 1 | . | ‡a786936769418 |
| 024 | 1 | . | ‡a786936769456 |
| 024 | 1 | . | ‡a78693676941 |
| 028 | 4 | 2. | ‡a057850 ‡bWalt Disney Studios Home Entertainment |
| 035 | . | ‡a(OCoLC)276620996 ‡z(OCoLC)304660187 ‡z(OCoLC)608125845 ‡z(OCoLC)670972907 ‡z(OCoLC)672027773 ‡z(OCoLC)731282041 ‡z(OCoLC)731341592 ‡z(OCoLC)798613737 ‡z(OCoLC)970764267 ‡z(OCoLC)972698131 ‡z(OCoLC)1027497443 ‡z(OCoLC)1331625059 | |
| 050 | 4. | ‡aPN1997.2 ‡b.B48 2009 | |
| 050 | 0 | 0. | ‡aDVD7012 (viewing copy) |
| 082 | 0 | 4. | ‡a791.43/72 ‡222 |
| 245 | 0 | 0. | ‡aBeverly Hills Chihuahua / ‡cWalt Disney Pictures presents a Mandeville Films/Smart Entertainment production ; produced by David Hoberman, John Jacobs, Todd Lieberman ; story by Jeff Bushell ; screenplay by Analisa LaBianco and Jeff Bushell ; directed by Raja Gosnell. |
| 257 | . | ‡aUnited States ‡2naf | |
| 264 | 1. | ‡a[Burbank, CA] : ‡bWalt Disney Studios Home Entertainment, ‡c[2009] | |
| 264 | 2. | ‡aBurbank, California : ‡bDistribued by Buena Vista Home Entertainment. | |
| 300 | . | ‡3viewing copy ‡a1 videodisc (91 min.) : ‡bsound, color ; ‡c4 3/4 in. | |
| 336 | . | ‡atwo-dimensional moving image ‡btdi ‡2rdacontent | |
| 337 | . | ‡avideo ‡bv ‡2rdamedia | |
| 338 | . | ‡avideodisc ‡bvd ‡2rdacarrier | |
| 490 | 1 | . | ‡aDisney DVD |
| 500 | . | ‡aOriginally produced as motion picture in 2008. | |
| 500 | . | ‡aWidescreen 2.40:1 ; full screen 1.33:1. | |
| 500 | . | ‡aBonus features: Deleted scenes with introduction by director Raja Gosnell; Blooper scooper; Legend of the Chihuahua: animated short; Feature audio commentary by director Raja Gosnell. | |
| 505 | 0 | 0. | ‡tLegend of the chihuahua. |
| 508 | . | ‡aDirector of photography, Phil Meheux ; editor, Sabrina Plisco ; music, Heitor Pereira. | |
| 511 | 0 | . | ‡aVoices: Drew Barrymore, Andy Garcia, George Lopez, Cheech Marin, Paul Rodriguez, Edward James Olmos, Luis Guzmán. |
| 511 | 1 | . | ‡aPiper Perabo, Manolo Cardona, Jamie Lee Curtis. |
| 520 | . | ‡aChloe is a pampered Beverly Hills Chihuahua who, while on vacation in Mexico with her owner's niece, Rachel, gets lost. She must rely on her new friends to help her get back home before she is caught by a dognapper who wants to ransom her. In the meantime, Papi, a male Chihuahua who is in love with Chloe goes in pursuit of her. Papi's owner is a handsome young gardener for Rachel's Aunt Viv. He slowly develops a romantic interest in Rachel. Chloe befriends Delgado, a lonely German shepherd, who travels with her and protects her from Diablo, the evil Doberman, who wants to return her and her diamond collar to the dognapper. | |
| 521 | 8 | . | ‡aMPAA rating: PG; for some mild thematic elements. |
| 538 | . | ‡aDVD; region 1; NTSC; dual layer; full screen (1.33:1) and widescreen (2.35:1); Dolby Digital 5.1 surround, Dolby digital 2.0. | |
| 546 | . | ‡aDialogue in English (Dolby Digital 5.1), dubbed French or dubbed Spanish with optionalFrench or Spanish subtitles; English subtitles for the deaf and hard-of-hearing (SDH). | |
| 650 | 0. | ‡aChihuahua (Dog breed) ‡zCalifornia ‡zBeverly Hills ‡vDrama. | |
| 650 | 0. | ‡aKidnapping ‡zMexico ‡vDrama. | |
| 650 | 0. | ‡aDog collars ‡vDrama. | |
| 651 | 7. | ‡aCalifornia ‡zBeverly Hills. ‡2fast ‡0(OCoLC)fst01208392 | |
| 651 | 7. | ‡aMexico. ‡2fast ‡0(OCoLC)fst01211700 | |
| 655 | 0. | ‡aVideodiscs. | |
| 655 | 7. | ‡aDrama. | |
| 655 | 7. | ‡aAnimal films. ‡2lcgft | |
| 655 | 7. | ‡aAction and adventure films. ‡2lcgft | |
| 655 | 7. | ‡aFeature films. ‡2lcgft | |
| 655 | 7. | ‡aFiction films. ‡2lcgft | |
| 655 | 7. | ‡aVideo recordings for the hearing impaired. ‡2lcgft | |
| 700 | 1 | . | ‡aGosnell, Raja, ‡efilm director. |
| 700 | 1 | . | ‡aHoberman, David, ‡d1953- ‡efilm producer. |
| 700 | 1 | . | ‡aJacobs, John ‡q(John L.), ‡efilm producer. |
| 700 | 1 | . | ‡aLieberman, Todd, ‡efilm producer. |
| 700 | 1 | . | ‡aBushell, Jeff, ‡escreenwriter. |
| 700 | 1 | . | ‡aLaBianco, Analisa, ‡escreenwriter. |
| 700 | 1 | . | ‡aBarrymore, Drew, ‡evoice actor. |
| 700 | 1 | . | ‡aGarcia, Andy, ‡evoice actor. |
| 700 | 1 | . | ‡aLopez, George, ‡d1961- ‡evoice actor. |
| 700 | 1 | . | ‡aMarin, Cheech, ‡evoice actor. |
| 700 | 1 | . | ‡aRodriguez, Paul, ‡evoice actor. |
| 700 | 1 | . | ‡aOlmos, Edward James, ‡evoice actor. |
| 700 | 1 | . | ‡aGuzmán, Luis, ‡d1956- ‡evoice actor. |
| 700 | 1 | . | ‡aPerabo, Piper, ‡eactor. |
| 700 | 1 | . | ‡aCardona, Manolo, ‡d1977- ‡eactor. |
| 700 | 1 | . | ‡aCurtis, Jamie Lee, ‡d1958- ‡eactor. |
| 710 | 2 | . | ‡aWalt Disney Pictures, ‡epresenter. |
| 710 | 2 | . | ‡aMandeville Films, ‡eproduction company. |
| 710 | 2 | . | ‡aSmart Entertainment (Firm), ‡eproduction company. |
| 710 | 2 | . | ‡aWalt Disney Studios Home Entertainment (Firm), ‡epublisher. |
| 710 | 2 | . | ‡aBuena Vista Home Entertainment (Firm), ‡edistributor. |
| 730 | 0 | . | ‡iSequel: ‡aBeverly Hills chihuahua 2 (Motion picture) |
| 740 | 0 | 2. | ‡aLegend of the Chihuahua. |
| 901 | . | ‡a159772 ‡bAUTOGEN ‡c159772 ‡tbiblio | |